Pruebas selectivas en auditora̕

Detalles Bibliográficos
Autor principal: Estupiǹ̨ Gaitǹ, Rodrigo
Formato: Desconocido
Lenguaje:español
Publicado: Bogot ̀: Ecoe, 2007
Materias:
Acceso en línea:Acceso restringido

MARC

LEADER 00000ny a22000003n 4500
005 2011061709429.0
008 031107s2007 ck 000 0 spa d
035 |a 3392 
040 |a BUS  |d vLex 
080 |a 657 (861) 
090 |c 800  |d 800 
100 1 |a Estupiǹ̨ Gaitǹ, Rodrigo 
245 1 0 |a Pruebas selectivas en auditora̕  |h [Recurso electrn̤ico]  |c Rodrigo Estupiǹ̨ Gaitǹ 
256 |a Servicio en ln̕ea 
260 |a Bogot ̀:  |b Ecoe,  |c 2007 
300 |a p. ;  |c cm 
506 1 |a Contenido solo disponible en los productos indicados  |d vLex Global  |d vLex Global (Academic Edition, excluding Law Schools)  |d vLex Global (U.S. Academic Edition, Law Schools)  |d vLex Global (U.S. Academic Edition, excluding Law Schools)  |d vLex Global (Academic Edition, Law Schools) 
650 0 4 |a Auditora̕ contable  |x Derecho  |z Colombia 
740 0 |a vLex Libros (Servicios en ln̕ea) 
856 4 0 |u http://vlex.com/source/3392  |z Acceso restringido 
942 |c BOOK 
999 0 |a Derecho   |b Colombia